[Event "GER-chT U20"]
[Site "Osnabrueck"]
[Date "2010.12.27"]
[Round "1.3"]
[White "Sydorenko, Sascha"]
[Black "Maiorov, Daniel"]
[Result "1/2-1/2"]
[WhiteElo "1824"]
[BlackElo "1936"]
[PlyCount "35"]
[EventDate "2010.12.27"]
[EventType "team-swiss"]
[EventRounds "7"]
[EventCountry "GER"]
[SourceTitle "CBM 140 Extra"]
[Source "ChessBase"]
[SourceDate "2011.03.01"]
[SourceVersion "1"]
[SourceVersionDate "2011.03.01"]
[SourceQuality "1"]
[WhiteTeam "Bendorf"]
[BlackTeam "Koenigsspringer"]
[WhiteTeamCountry "GER"]
[BlackTeamCountry "GER"]

1. e4 c5 2. Nf3 d6 3. d4 cxd4 4. Nxd4 Nf6 5. Nc3 g6 6. Be3 Bg7 7. f3 Nc6 8. Qd2 0-0 9. 0-0-0 Be6 10. Nxe6 fxe6 11. Bc4 Qc8 12. Bh6 Na5 13. Be2 Nc4 14. Bxc4 Qxc4 15. Bxg7 Kxg7 16. h4 b5 17. Qg5 b4 18. Qb5 1/2-1/2

[Event "SVR-op 31th"]
[Site "Idar Oberstein"]
[Date "2008.03.20"]
[Round "5"]
[White "Endres, Thomas"]
[Black "Sydorenko, Sascha"]
[Result "0-1"]
[WhiteElo "1666"]
[BlackElo "1767"]
[PlyCount "84"]
[EventDate "2008.03.15"]
[EventType "tourn"]
[EventRounds "7"]
[EventCountry "GER"]
[SourceTitle "EXT 2009"]
[Source "ChessBase"]
[SourceDate "2008.11.26"]
[SourceVersion "1"]
[SourceVersionDate "2008.11.26"]
[SourceQuality "1"]

1. e4 c5 2. Nc3 Nc6 3. g3 g6 4. Bg2 Bg7 5. Nge2 e6 6. 0-0 Nge7 7. f4 0-0 8. d3 d6 9. Be3 Rb8 10. Rb1 b5 11. e5 dxe5 12. Bxc5 exf4 13. Nxf4 Bd4+ 14. Bxd4 Qxd4+ 15. Kh1 e5 16. Nfe2 Qd7 17. a3 a5 18. Ne4 f5 19. Ng5 Bb7 20. c3 Rfd8 21. Qb3+ Nd5 22. c4 Ne3 23. cxb5+ Kh8 24. Nf7+ Kg7 25. Nxd8 Nd4 26. Nxd4 Bxg2+ 27. Kg1 exd4 28. Ne6+ Kf6 29. Nc5 Qe7 30. Rfc1 Bf3 31. Qa4 Rd8 32. Qxa5 f4 33. gxf4 Rd5 34. Ne4+ Bxe4 35. dxe4 Qxe4 36. Qd2 g5 37. Rc6+ Kf7 38. Rbc1 gxf4 39. Rc7+ Kg6 40. R1c6+ Kh5 41. Rc5 Qg6+ 42. Kh1 Qb1+ 0-1